Fussball Schweizer Meister - Statistiken

Allgemein
  • Dieses Quiz wurde 667 mal gespielt
    60 seit der letzten Aktualisierung
  • Das Durchschnittsergebnis liegt bei 94 aus 128
Antwortstatistiken
Saison Meister % Korrekt
1902/03 | 1908/09 | 1909/10 | +14 others BSC Young Boys
98%
1901/02 | 1923/24 | 1962/63 | +10 others FC Zürich
96%
1952/53 | 1966/67 | 1968/69 | +18 others FC Basel
94%
2025/26 FC Thun
83%
1903/04 | 1999/00 FC St. Gallen
75%
1912/13 | 1931/32 | 1934/35 | +4 others FC Lausanne-Sport
67%
1988/89 FC Luzern
67%
1906/07 | 1917/18 | 1921/22 | +14 others Servette FC Genève
67%
1937/38 | 1940/41 | 1948/49 FC Lugano
65%
1991/92 | 1996/97 FC Sion
65%
1897/98 | 1899/00 | 1900/01 | +24 others Grasshopper Club Zürich
65%
1905/06 | 1907/08 | 1916/17 FC Winterthur
54%
1911/12 | 1913/14 | 1992/93 FC Aarau
52%
1915/16 | 1986/87 | 1987/88 Neuchâtel Xamax FCS
44%
1946/47 FC Biel-Bienne
38%
1947/48 AC Bellinzona
27%
1953/54 | 1954/55 | 1963/64 FC La Chaux-de-Fonds
17%
1918/19 FC Étoile Sporting La Chaux-de-Fonds
13%
1898/99 Anglo-American Club Zürich
10%
1914/15 SC Brühl St. Gallen
8%
Keine übereinstimmenden Quizze gefunden
Verteilung der Resultate
Anzahl Personen mit jedem Resultat
Perzentil nach korrekt beantworteten Fragen
Ihre Resultats-Entwicklung
Sie haben dieses Quiz seit der letzten Aktualisierung nicht gespielt